| 000 | 00437nam a22001697a 4500 | ||
|---|---|---|---|
| 005 | 20180208121330.0 | ||
| 008 | 160521b xxu||||| |||| 00| 0 eng d | ||
| 020 | _a81-7806-906-8 | ||
| 041 | _aeng | ||
| 082 |
_b3654 _a006.3 |
||
| 100 |
_aJohn Yen Reza Langari _9911 |
||
| 245 | _aFUZZY LOGIC:intelligence, control, and information | ||
| 260 |
_bPearsons _c2003 |
||
| 300 | _a500 | ||
| 650 |
_aInformation Technology _9137 |
||
| 942 | _cBK | ||
| 999 |
_c1249 _d1249 |
||